Wie gut kennst du Deutschland? #2 - Statistiken

Allgemein
  • Dieses Quiz wurde 559 mal gespielt
    423 seit der letzten Aktualisierung
  • Das Durchschnittsergebnis liegt bei 12 aus 15
Antwortstatistiken
Frage Antwort % Korrekt
Am welchen Fluss liegt die Stadt Köln? Rhein
98%
Wie viele Nachbarländer hat Deutschland? 9
97%
In welchem Jahr fiel die Berliner Mauer? 1989
96%
Welches deutsche Bundesland ist das flächenmäßig größte? Bayern
95%
Wie heißt die höchste Erhebung Deutschlands? Zugspitze
93%
Wie heißt das deutsche Parlament? Bundestag
91%
In welchem Jahr fand die letzte Fußball Weltmeisterschaft in Deutschland statt? 2006
85%
Welche deutsche Stadt wird auch "das Venedig des Nordens" genannt? Hamburg
85%
Welche deutsche Stadt ist bekannt als Heimatstadt der Automarke Porsche? Stuttgart
85%
In welchem Jahr wurde der erste Bundeskanzler gewählt? 1949
79%
Was ist Deutschlands größte Insel? Rügen
76%
Wer hatte die längste Amtszeit als Bundeskanzler von Deutschland? Helmut Kohl
72%
In welcher Stadt steht die Veltins-Arena? Gelsenkirchen
67%
In welcher deutschen Stadt findet eine der bekanntesten Automessen statt? Frankfurt
56%
Welcher deutsche Musiker hat die meisten Platten verkauft? Herbert Grönemeyer
30%
Keine übereinstimmenden Quizze gefunden
Verteilung der Resultate
Anzahl Personen mit jedem Resultat
Perzentil nach korrekt beantworteten Fragen
Ihre Resultats-Entwicklung
Sie haben dieses Quiz seit der letzten Aktualisierung nicht gespielt